00503nam a2200193 a 4500001001300000003000900013005001700022008004100039020001000080082001500090100001400105245005100119260003200170300000900202500003500211505002700246650002200273700001400295nice12345678IN_TiNIC20260116011516.0050524s1930 boma grp 000 0 eng  ac10000a226.6bJOH aJohnson,  aAl-Murshid-Al-Ameen Fi Sharhul Injil Al Mubeen aBombaybNo Publishersc1930 a237p aincludes index and biblioraphy2 a3 vols. bound together aBible N.T. Gospel1 aJohnson,